000 01402cam a2200289 4500
001 J126941
008 040727n2004 000 0 eng u
035 _a(Sirsi) u126941
041 _aeng
050 _a333.337
_c18
110 _aBritish Council for Offices
_93992
245 _aOffice Futures
260 _aLondon
_bBCO
_c2004
300 _a79p.
_c30cm.
350 _a48
520 _aThe purpose of the research on which this report is based was to examine the office market sector and to focus on possible changes within this sector in the next 20 years. This report is broken down into two sections. The first examines the predictions of the last 20 years and attempts to identify the unifying themes around which forecasts and the office market have developed. Areas examined include: location; technology and working practices; specification and environment; and legislation and the property market. Using these themes again, the second section looks towards the next 20 years and on the likely direction of the market.
650 _aOFFICES
650 _aPROPERTY-COMMERCIAL PROPERTY-OFFICE PROPERTY-OFFICE PROPERTY MARKET
650 _aLEGISLATION
650 _aLOCATION
650 _aPREDICTIONS
650 _aTECHNOLOGY
650 _aWORKING PRACTICES
690 _aPROPERTY-COMMERCIAL PROPERTY-COMMERCIAL PROPERTY MARKET
710 _aFPDSavills
_93625
942 _n0
999 _c103686
_d103686